Laboratory & diagnostic tests with nursing implications / (رقم التسجيلة. 20854)

تفاصيل مارك
000 -الفاتح
حقل البيانات ثابتة الطول 01005pam a2200277 a 4500
001 - رقم الضبط
رقم الضبط 725851
003 - محدد رقم الضبط
رقم الضبط OSt
005 - وقت وتاريخ اخر تعامل مع التسجيلة
رقم الضبط 20150408114009.0
008 - عناصر البيانات ثابتة الطول - معلومات عامة
حقل البيانات ثابتة الطول 980501s2011 ctua b 001 0 eng c
010 ## - رقم ضبط مكتبة الكونجرس
رقم ضبط مكتبة الكونجرس 98020408
020 ## - الرقم الدولى المعيارى للكتب
الرقم الدولى المعيارى للكتاب 9780132181549
040 ## - مصدر الفهرسة
وكالة الفهرسة الأصلية DNLM/DLC
وكالة النسخ DLC
وكالة التعديل DLC
082 00 - رقم تصنيف ديوى العشرى
رقم التصنيف 616.075
رقم الطبعة 21
100 1# - المدخل الرئيسى - إسم شخصى
الإسم الشخصى Kee, Joyce LeFever.
9 (RLIN) 11025
245 10 - بيان العنوان
العنوان Laboratory & diagnostic tests with nursing implications /
بيان المسئوليه,etc Joyce LeFever Kee.
246 30 - العنوان الموازى
عنوان صحيح/عنوان مختصر Laboratory and diagnostic tests with nursing implications
250 ## - بيان الطبعة
بيان الطبعة 8th ed.
260 ## - PUBLICATION, DISTRIBUTION, ETC. (IMPRINT)
مكان الناشر او الموزع Stamford, Conn. :
اسم الناشر او الموزع Appleton & Lange,
تاريخ النشر أو التوزيع c2011.
300 ## - الوصف المادى
التعداد xx, 770 p. :
تفاصيل ماديه اخرى للوعاء ill. ;
أبعاد الوعاء 24 cm.
504 ## - تبصرة ببليوجرافية
تبصرة ببليوجرافية,الخ Includes bibliographical references (p. 725-730) and index.
650 #0 - المدخل الاضافى بالموضوع-مصطلح موضوعى
مصطلح موضوعي أو اسم جغرافي كعنصر مدخل Nursing.
650 #0 - المدخل الاضافى بالموضوع-مصطلح موضوعى
مصطلح موضوعي أو اسم جغرافي كعنصر مدخل Diagnosis, Laboratory.
9 (RLIN) 10882
650 12 - المدخل الاضافى بالموضوع-مصطلح موضوعى
مصطلح موضوعي أو اسم جغرافي كعنصر مدخل Laboratory Techniques and Procedures
التقسيم الفرعي الشكلي nurses' instruction.
9 (RLIN) 11026
942 ## - عناصر المدخل الإضافي( كوها)
مصدر التصنيف او مخطط الترفيف Dewey Decimal Classification
Koha [default] item type كتاب
المقتنيات
حالة الفقد نموذج السعر الفعال حالة تلف ليس للاعارة رقم الطلب تاريخ الاكتساب الموقع الحالي الباركود الفرع الرئيسي Date last checked out Date last seen نوع المادة فى نظام كوها مصدر التصنيف او خطة الترفيف Total Checkouts Total Renewals
  2013-03-10     616.075 K J L 2012-04-17 مكتبة كلية العلوم الطبية التطبيقية بالمجمعة - طالبات (AMF) 00084094 مكتبة مجمع الطالبات بالمجمعة (EMF) 2019-12-04 2022-09-04 كتاب Dewey Decimal Classification 1  
  2013-03-10     616.075 K J L 2012-04-17 مكتبة كلية العلوم الطبية التطبيقية بالمجمعة - طالبات (AMF) 00084112 مكتبة مجمع الطالبات بالمجمعة (EMF) 2019-01-15 2021-10-20 كتاب Dewey Decimal Classification 1  
  2013-03-10     616.075 K J L 2012-04-17 مكتبة كلية العلوم الطبية التطبيقية بالمجمعة - طالبات (AMF) 00084092 مكتبة مجمع الطالبات بالمجمعة (EMF) 2019-01-30 2019-02-06 كتاب Dewey Decimal Classification 2  
  2013-03-10     616.075 K J L 2012-04-17 مكتبة مجمع الطالبات بالمجمعة (EMF) 00084093 مكتبة مجمع الطالبات بالمجمعة (EMF) 2022-02-28 2022-02-28 كتاب Dewey Decimal Classification 3  
  2013-03-10     616.075 K J L 2012-04-23 مكتبة مجمع الكليات بالزلفى - طلاب (SZM) 00085195 مكتبة مجمع الكليات بالزلفى - طلاب (SZM) 2013-09-02 2014-04-24 كتاب Dewey Decimal Classification 2 3
  2013-03-10     616.075 K J L 2012-04-23 مكتبة مجمع الكليات بالزلفى - طلاب (SZM) 00085194 مكتبة مجمع الكليات بالزلفى - طلاب (SZM) 2015-06-08 2017-09-25 كتاب Dewey Decimal Classification 2